History Quiz

Random History or Quote Quiz

Famous Quotes About 'T' Quiz Stats

 Plays Quiz Updated Nov 20, 2015

Challenge
Share
Tweet
Embed
Score 0/28 Timer 08:00
4 Plays Today
% Correct
Talk
97.2%
Trail
96.8%
Thanksgiving
96.4%
Two-faced
96.3%
Television
96.3%
Tomato
96.2%
Telescope
96%
Thoughts
95.5%
Tabloids
94.8%
Traitor
94.7%
Travel
94.7%
Tragedy
94.4%
Train
94.3%
Tea bag
94.1%
% Correct
Tires
94.1%
Tongue
93.7%
Triangle
91.8%
Teenager
91.7%
Tennis
91.2%
Trip
91.2%
Truth
91.2%
Temptation
90.9%
Treasure
90.5%
Tortoise
89.9%
Telekinetics
89.7%
Theory
86.6%
Time
85.8%
Tact
85.6%

You're not logged in!

Compare scores with friends on all Sporcle quizzes.
Join for Free
OR
Log In

You Might Also Like...

Show Comments

Extras

Top Quizzes Today


Score Distribution

Your Account Isn't Verified!

In order to create a playlist on Sporcle, you need to verify the email address you used during registration. Go to your Sporcle Settings to finish the process.

Report this User

Report this user for behavior that violates our Community Guidelines.

Details: